000 00741nam a2200229Ia 4500
001 16708
003 GE_BSU
008 181216s||||||||xx |||||||||||||| ||und||
040 _cGE_BSU
080 _a821.161.1-311.6
100 _aიანი, ვ.
245 _aბათო-ხანი
245 _bრომანი
245 _cისტ. ტრილოგიის მე-2 ნაწ. თარგმ. რუს. ქეთევან ნადირაძისა.რედ. რ. კიკნაძე
260 _aთბილისი
260 _bნაკადული
260 _c1961
300 _a461გვ. ; 23სმ.
653 _aბათო-ხანი
653 _aრომანი
942 _cBK
999 _c49773
_d49773